Η Γαλλική επανάσταση

Αποθηκεύτηκε σε:
Λεπτομέρειες βιβλιογραφικής εγγραφής
Κύριος συγγραφέας: Κανελλόπουλος, Παναγιώτης Κ., 1902-1986
Μορφή: Βιβλίο
Γλώσσα:Greek
Δημοσίευση: Αθήνα : Δ.Γιαλλέλης, 1983.
Θέματα:
Ετικέτες: Προσθήκη ετικέτας
Δεν υπάρχουν, Καταχωρήστε ετικέτα πρώτοι!

MARC

LEADER 00000cam a2200000 i 4500
001 1/2862
008 100111s1983 gr | ||| |||| ||gre||
035 |l 10106173 
040 |a GR-MyUA  |b gre  |e AACR2 
041 0 |a gre 
082 0 |a 944.04  |2 (22) 
100 1 |a Κανελλόπουλος, Παναγιώτης Κ.,   |d 1902-1986. 
245 1 2 |a Η Γαλλική επανάσταση /   |c Παναγιώτης Κανελλόπουλος.  
260 |a Αθήνα :   |b Δ.Γιαλλέλης,   |c 1983.  
300 |a 389 σ. :   |b εικ. ;   |c 21 εκ.  
651 0 |a France  |x History  |y Revolution, 1789-1799. 
852 |a INST  |b SAMOS  |e 20100111  |h 944.04 ΚΑΝ  |p 005300031002  |q 005300031002  |t BK  |y 0 
901 |a BIBL3-2010-1 
909 |a Σ  |b 158399 
970 |a ΣΙΤΖΙΜΗ  |b ΓΙΑΣΕΜΗ  |z 2010/01/11